000
00295nam a22001337a 4500
020
_a
906654.20
041
_a
ENG
100
_a
Daji .J A
245
_a
A Text Book of Soil Science
260
_a
Pune
_b
Printed in India
_c
1996
300
_a
546
650
_a
Agriculltral
856
_u
Agriculltral
999
_c
340
_d
340